Vivos en el averno nazi : en busca de los últimos supervivientes españoles de los campos de concentración de la Segunda Guerra Mundial /

Gardado en:
Detalles Bibliográficos
Autor Principal: Llor Serra, Montserrat (autor)
Outros autores: Fontana, Josep (prólogo) (prólogo)
Formato: Libro
Idioma:Lingua castelá
Publicado: Barcelona, España : Crítica, 2014, c2014
Series:(Crítica Contrastes)
Temas:
Etiquetas: Engadir etiqueta
Sen Etiquetas, Sexa o primeiro en etiquetar este rexistro!

MARC

LEADER 00000nam^a2200000^a^4500
001 000578854
005 20250521000000.0
009 20260310132518.079
020 |a 978-84-9892-657-6 
037 |a Acervo ITESO - Biblioteca 
041 |a ESP 
082 |a 940. 5318  |b LLO 
100 |a Llor Serra, Montserrat  |e (autor) 
245 1 0 |a Vivos en el averno nazi :  |b en busca de los últimos supervivientes españoles de los campos de concentración de la Segunda Guerra Mundial /  |c M. Llor Serra ; pról. de J. Fontana. 
264 4 |a Barcelona, España :  |b Crítica,  |c 2014, c2014 
300 |a 324 p., [8 p. de láminas] 
336 |a texto  |b txt  |2 rdacontenido 
337 |a sin mediación  |b n  |2 rdamedio 
338 |a volumen  |b nc  |2 rdasoporte 
440 1 |a (Crítica Contrastes) 
521 |a FIL 2023 DIA 
649 |a XX 
650 |a Presos Españoles -  |x Entrevistas -  |x Tema Principal 
650 |a Presos Españoles -  |x Memorias -  |x Tema Principal 
650 |a Víctimas de Guerra Españolas -  |x Entrevistas -  |x Tema Principal 
650 |a Víctimas de Guerra Españolas -  |x Memorias -  |x Tema Principal 
650 |a Supervivientes Españoles -  |x Entrevistas 
650 |a Supervivientes Españoles -  |x Memorias 
650 |a Testimonio Histórico 
650 |a Historias de Vida 
650 |a Historia Oral 
650 |a Supervivencia -  |z Europa -  |x Historia -  |y 1939-1945 
650 |a Campos de Concentración -  |z Europa -  |x Historia -  |y 1939-1945 -  |x Tema Principal 
650 |a Nazismo -  |z Europa -  |x Historia -  |y 1939-1945 
650 |a Política -  |z Europa -  |x Historia -  |y 1939-1945 
650 |a Política -  |z Europa -  |x Historia -  |y 1918-1945 
650 |a Política -  |z Europa -  |x Historia -  |y Siglo XX 
650 |a Política Internacional -  |x Historia -  |y 1940-1949 
650 |a Política Internacional -  |x Historia -  |y Siglo XX 
650 |a Guerra Mundial (Segunda), 1939-1945 -  |x Historia -  |x Desplazados 
650 |a Guerra Mundial (Segunda), 1939-1945 -  |x Historia -  |x Tema Principal 
650 |a España -  |x Historia -  |y Franquismo, 1939-1975 
650 |a España -  |x Historia -  |y Siglo XX 
650 |a Alemania -  |x Historia -  |y Tercer Reich, 1933-1945 
650 |a Alemania -  |x Historia -  |y Siglo XX 
650 |a Austria -  |x Historia -  |y Anexión a Alemania, 1938-1945 
650 |a Austria -  |x Historia -  |y Siglo XX 
650 |a Polonia -  |x Historia -  |y Ocupación, 1939-1945 
650 |a Polonia -  |x Historia -  |y Siglo XX 
650 |a Europa -  |x Historia -  |y 1939-1945 
650 |a Europa -  |x Historia -  |y 1918-1945 
650 |a Europa -  |x Historia -  |y Siglo XX 
650 |a Historia Moderna -  |y 1940-1949 
650 |a Historia Moderna -  |y Siglo XX 
650 |a Alcubierre Pérez, José 
650 |a Alfonso Ortells, Manuel 
650 |a Arditti, Léon 
650 |a Bernal, Francisco 
650 |a Bilbao Bilbao, Francisco 
650 |a Caballero Vico, Emilio 
650 |a Català Pallejà, Neus 
650 |a Espallargas Castro, Segundo 
650 |a Estañ Alfonsea, Luis 
650 |a Gimeno Font, Edmon 
650 |a Grangé Veleta, Conchita 
600 |a London, Lise 
650 |a Marfil Peralta, José 
650 |a Nates Gallo, Lázaro 
650 |a Pérez Pérez, Esteban 
650 |a Rotella Morán, Alfredo 
650 |a Santiesteban Castillo, Ramiro 
650 |a Tello Gómez, Jesús 
650 |a Vernizo, Alejandro 
700 |a Fontana, Josep  |e (prólogo) 
910 |a Fondo General 
920 |a Impresos - Libros 
930 |a Colección General 
905 |a 101 
901 |a 0500403308  |b IT1  |c ACC  |i C184262  |u 20250521 
902 |a https://opac.biblio.iteso.mx/vufind/Record/000578854